Musicale - nagła śmierć - Statystyki

Ogólne statystyki
  • Ten quiz został rozwiązany 2 111 razy
  • Średni wynik to 9 z 20
Answers on the Grid
Answers color-coded by a green-red scale on the quiz's grid according to % correct below.
Ciche miejsce
Aladyn
Annie
Cabaret
Koty
Chicago
Trop
Diuna
Nasze magiczne
Encanto
Evita
Gdzie jest Nemo?
Kraina Lodu
Grease
Lakier do włosów
La La Land
Życie Pi
Moonlight
Moulin Rouge
Gazeciarze
Oklahoma!
Oliver!
Rango
Rent
Speed
Spotlight
Zaplątani
Pianista
Truman Show
Titanic
Tommy
Twister
Odlot
West Side Story
Wicked
Ralph Demolka
 
Statystyki odpowiedzi
Odpowiedź % Poprawnych
La La Land
78%
Koty
62%
Chicago
59%
Grease
55%
Aladyn
53%
Moulin Rouge
52%
Cabaret
50%
Nasze magiczne
Encanto
50%
West Side Story
48%
Wicked
48%
Kraina Lodu
46%
Annie
38%
Evita
38%
Oklahoma!
36%
Lakier do włosów
33%
Zaplątani
32%
Oliver!
31%
Rent
20%
Gazeciarze
17%
Tommy
12%
Nie znaleziono quizów pasujących do podanych kryteriów
Rozkład punktacji
Procent ludzi z każdym wynikiem
Percentyl według liczby udzielonych odpowiedzi
Twoja historia wyników
Nie rozwiązałeś tego quizu